1651 1136 1571 1364 1523 1308 1276 1528 1513 1733 1121 1818 1108 1920 1978 1408 1654 1531 1799 1073 1002 1167 1558 1371 1605 1331 1271 1646 1665 1763 1965 1271 1715 1843 1697 1835 1297 1979 1697 1927 1454 1027 1406 1105 1239 1713 1039 1823 1785 1268 1582 1181 1105 1734 1509 1103 1918 1688 1804 1393 1661 1248 1089 1455 1737 1355 1826 1196 1696 1733 1590 1167 1967 1831 1648 1814 1329 1009 1132 1292 1187 1186 1184 1945 1313 1083 1514 1410 1105 1251 1464 1061 1126 1210 1534 1128 1150 1734 1698 BCNSPRNW ULIB Ver.6.0+V

เปลี่ยนเป็นภาษาไทย

Change to English
 แสดงรายละเอียดบรรณานุกรม
  กลับหน้าหลัก

Brief Record : Get Marc (ISO 2709) : E-mail record : QR code < ปิดหน้าต่าง
LEADER : 00000nam 2200000uu 4500
001    13399120473
003     ULIB
008    120920s2550||||th 000 0 tha d
020    ^a9749508203
060 04 ^aWB460^bม443ก 2550
100 0  ^aมานพ ประภาษานนท์
245 10 ^aกายภาพบำบัดหยุดโรคด้วยตนเอง /^cมานพ ประภาษานนท์
250    ^aพิมพ์ครั้งที่ 2
260    ^aกรุงเทพฯ :^bหมอชาวบ้าน,^c2550
300    ^a[4]; 145 หน้า :^bภาพประกอบ
650  7 ^aกายภาพบำบัด
650  7 ^aยา^xการรักษา
650  7 ^aโรค
945    ^p0^l0^i15219
995    ^aกัณชพร
999 ^a ใช้งานได้ทุกระบบ
รายการนี้ยังไม่มีแท็ก
คุณยังไม่ได้ล็อกอิน คุณสามารถมีกิจกรรมร่วมกับเว็บไซต์ได้ แต่ต้องล็อกอินก่อน ::
  ล็อกอิน

รายการสื่อสารสนเทศ

ลำดับที่ ประเภท เลขเรียก/บาร์โค้ด สถานที่ สถานะ
1. วิทยาศาสตร์การแพทย์ และสุขภาพ
วิทยาศาสตร์การแพทย์ และสุขภาพ
WB460 ม443ก 2550  
  Barcode: 15219
ห้องสมุดวิทยาเขตสวรรค์ประชารักษ์
►ส่วนจัดเก็บหนังสือเก่า สปร
บนชั้น
  ขอยืม

รายการใกล้เคียง
    ผู้แต่ง [มานพ ประภาษานนท์]

    หัวเรื่อง [กายภาพบำบัด]
    หัวเรื่อง [โรค]

BibComment


ยังไม่เคยถูกคอมเมนท์

คอมเมนท์ทรัพยากรรายการนี้
  คอมเมนท์: กายภาพบำบัดหยุดโ..


 Copyright 2026. Bcnsprnw @Library